Anatomía humana descriptiva y topográfica (Registro nro. 3947)
[ vista simple ]
| 000 -CABECERA | |
|---|---|
| campo de control de longitud fija | 01003nam a22002891 4500 |
| 001 - NÚMERO DE CONTROL | |
| campo de control | bimo0001396394 |
| 003 - IDENTIFICADOR DEL NÚMERO DE CONTROL | |
| campo de control | SpMaBN |
| 005 - FECHA Y HORA DE LA ÚLTIMA TRANSACCIÓN | |
| campo de control | 20241122062701.0 |
| 008 - DATOS DE LONGITUD FIJA--INFORMACIÓN GENERAL | |
| campo de control de longitud fija | 960722s1930 sp spa |
| 016 7# - NÚMERO DE CONTROL DE UNA AGENCIA BIBLIOGRÁFICA NACIONAL | |
| Número de control del registro | bimoBNE19996538529 |
| Número de control de registro cancelado o inválido | IND9600786391 |
| Fuente | SpMaBN |
| 035 ## - NÚMERO DE CONTROL DEL SISTEMA | |
| Número de control de sistema | (OCoLC)433042253 |
| 040 ## - FUENTE DE LA CATALOGACIÓN | |
| Centro catalogador/agencia de origen | SpMaBN |
| Centro/agencia transcriptor | AR-RoIUNI |
| 080 ## - NÚMERO DE LA CLASIFICACIÓN DECIMAL UNIVERSAL | |
| Número de la Clasificación Decimal Universal | 611-01 ROU |
| 100 1# - ENTRADA PRINCIPAL--NOMBRE DE PERSONA | |
| Nombre de persona | Rouvière, Henri, |
| Fechas asociadas al nombre | 1875- |
| 9 (RLIN) | 5 |
| 245 10 - MENCIÓN DE TÍTULO | |
| Título | Anatomía humana descriptiva y topográfica |
| Mención de responsabilidad, etc. | por Henri Rouvière... ; traducida por los Doctores R. López Prieto... M. Gavilan Bofill... |
| Número de parte o sección de la obra | Tomo 2 |
| Nombre de parte o sección de la obra | Tronco |
| 250 ## - MENCIÓN DE EDICIÓN | |
| Mención de edición | 2ª ed. española corr. y aum. |
| 260 ## - PUBLICACIÓN, DISTRIBUCIÓN, ETC. (PIE DE IMPRENTA) | |
| Lugar de publicación, distribución, etc. | Madrid |
| Nombre del editor, distribuidor, etc. | [Blass] |
| Fecha de publicación, distribución, etc. | 1930 |
| 300 ## - DESCRIPCIÓN FÍSICA | |
| Extensión | 3 t. |
| Dimensiones | 28 cm |
| 650 10 - PUNTO DE ACCESO ADICIONAL DE MATERIA--TÉRMINO DE MATERIA | |
| Término de materia o nombre geográfico como elemento inicial | Medicina |
| 9 (RLIN) | 58 |
| 650 10 - PUNTO DE ACCESO ADICIONAL DE MATERIA--TÉRMINO DE MATERIA | |
| 9 (RLIN) | 115 |
| Término de materia o nombre geográfico como elemento inicial | Anatomía |
| 700 1# - PUNTO DE ACCESO ADICIONAL--NOMBRE DE PERSONA | |
| Nombre de persona | López Prieto, Ramón |
| 700 1# - PUNTO DE ACCESO ADICIONAL--NOMBRE DE PERSONA | |
| Nombre de persona | Gavilán Bofill, Marcelino |
| 942 ## - ELEMENTOS DE PUNTO DE ACCESO ADICIONAL (KOHA) | |
| Fuente del sistema de clasificación o colocación | Clasificación Decimal Universal |
| Tipo de ítem Koha | Libros |
| 956 ## - LOCALIZACIÓN Y ACCESO ELECTRÓNICOS LOCAL (OCLC) | |
| Nombre del host | 2 |
| 980 ## - EQUIVALENCIA O REFERENCIA-CRUZADA-MENCIÓN DE SERIE--NOMBRE DE PERSONA/TÍTULO [LOCAL, CANADÁ] | |
| Nombre de persona | M-BN |
| Numeración | BNALCALA |
| Títulos y otros términos asociados al nombre | SG_PETANTI |
| Calificador de atribución | AHI/21060 |
| Enlace entre campo y número de secuencia | 1.2 |
| Nombre de persona | 2 |
| Enlace entre campo y número de secuencia | 0 |
| Nombre de persona | v.2 |
| 980 ## - EQUIVALENCIA O REFERENCIA-CRUZADA-MENCIÓN DE SERIE--NOMBRE DE PERSONA/TÍTULO [LOCAL, CANADÁ] | |
| Nombre de persona | Pta. |
| -- | M-BN |
| Numeración | BNALCALA |
| Calificador de atribución | F/1095-F/1097 |
| Títulos y otros términos asociados al nombre | ALCALA |
| Enlace entre campo y número de secuencia | 1.1 |
| Nombre de persona | 1 |
| Enlace entre campo y número de secuencia | 1.2 |
| Nombre de persona | 2 |
| Enlace entre campo y número de secuencia | 1.3 |
| Nombre de persona | 3 |
| Enlace entre campo y número de secuencia | 0 |
| Nombre de persona | 3 v. |
| Estado de retiro | Estado de pérdida | Fuente del sistema de clasificación o colocación | Estado dañado | Restricciones de uso | Excepción de préstamo | Código de colección | Localización permanente | Ubicación/localización actual | Ubicación en estantería | Fecha de adquisición | Fuente de adquisición | Número de inventario | Total de préstamos | Signatura topográfica completa | Código de barras | Fecha visto por última vez | Precio válido a partir de | Tipo de ítem Koha |
|---|---|---|---|---|---|---|---|---|---|---|---|---|---|---|---|---|---|---|
| Clasificación Decimal Universal | Consulta en biblioteca | Colección Libros Antiguos | BIBLIOTECA CENTRAL | BIBLIOTECA CENTRAL | BIBLIOTECA CENTRAL | 19/09/2018 | Compra | 4195 | 611-01 ROU | 4195c | 19/09/2018 | 19/09/2018 | Libros |

